Central Library OPAC University of Rajshahi

The demand for money : (Record no. 18279)

MARC details
000 -LEADER
fixed length control field 00830cam a2200277 a 4500
001 - CONTROL NUMBER
control field 18279
003 - CONTROL NUMBER IDENTIFIER
rucl marc code BD-RJUL
005 - DATE AND TIME OF LATEST TRANSACTION
control field 20211209000248.0
008 - FIXED-LENGTH DATA ELEMENTS--GENERAL INFORMATION
fixed length control field 500101s1972 II a b 001 0 eng d
020 ## - INTERNATIONAL STANDARD BOOK NUMBER
International Standard Book Number 0700222227
035 ## - SYSTEM CONTROL NUMBER
System control number (bd-rjul)18337
040 ## - CATALOGING SOURCE
Original cataloging agency BD-RjUL
Language of cataloging eng
Transcribing agency BD-RjUL
041 ## - LANGUAGE CODE
Language code of text/sound track or separate title eng
082 ## - DEWEY DECIMAL CLASSIFICATION NUMBER
Classification number 332.401
Author mark and year LAD 1972
100 1# - MAIN ENTRY--PERSONAL NAME
Personal name Laidler, David E. W.
9 (RLIN) 13985
245 14 - TITLE STATEMENT
Title The demand for money :
Remainder of title theories and evidence /
Statement of responsibility, etc. David E. W. Laidler.
260 ## - PUBLICATION, DISTRIBUTION, ETC. (IMPRINT)
Place of publication, distribution, etc. Bombay :
Name of publisher, distributor, etc. allied publisher private ltd.
Date of publication, distribution, etc. 1972.
300 ## - PHYSICAL DESCRIPTION
Pagination xiii, 128 p. :
Illustrations ills. ;
Size 21 cm.
490 0# - SERIES STATEMENT
Series statement International's series in monetary economics.
504 ## - BIBLIOGRAPHY, ETC. NOTE
Bibliography, etc includes index
650 #0 - SUBJECT ADDED ENTRY--TOPICAL TERM
Topical term or geographic name as entry element Demand for money.
9 (RLIN) 17302
Topical term or geographic name as entry element Money
General subdivision Mathematical models.
9 (RLIN) 7689
942 ## - ADDED ENTRY ELEMENTS (KOHA)
Source of classification or shelving scheme Dewey Decimal Classification
Koha item type Books
Holdings
Lost status Source of classification or shelving scheme Damaged status Not for loan Collection code Permanent Location Current Location Shelving location Date acquired Total Checkouts Full call number Date last seen Copy number Koha item type
  Dewey Decimal Classification     Non-fiction Central Library, University of Rajshahi Central Library, University of Rajshahi   20/02/2014   332.401 LAD 1972 20/02/2014 C-3 Books